Welcome to the Holygrace Academy Library

Please use search bar below to get started

BUSINESS STUDIES (Record no. 612)

MARC details
000 -LEADER
fixed length control field 00332nam a22001337a 4500
020 ## - INTERNATIONAL STANDARD BOOK NUMBER
ISBN 81-87414-04-9
082 ## - DEWEY DECIMAL CLASSIFICATION NUMBER
Classification number 174
Item number VIJ/B
100 ## - MAIN ENTRY--AUTHOR NAME
Personal name YOGESH VIJAY, VIKAS VIJAY
245 ## - TITLE STATEMENT
Title BUSINESS STUDIES
Remainder of title CLASS XII
260 ## - PUBLICATION, DISTRIBUTION, ETC. (IMPRINT)
Place of publication DELHI
Name of publisher RACHNA SAGAR PVT LTD
300 ## - PHYSICAL DESCRIPTION
Number of Pages 396
650 ## - SUBJECT ADDED ENTRY--TOPICAL TERM
Topical Term BUSINESS STUDIES FOR CLASS XII
Geographic subdivision INDIA
942 ## - ADDED ENTRY ELEMENTS (KOHA)
Koha item type Books
Holdings
Withdrawn status Lost status Collection code Home library Current library Shelving location Date acquired Source of acquisition Cost, normal purchase price Full call number Accession Number Koha item type
    Reference Main Library Main Library   27/09/2008 purchase 164.00 174 VIJ/B 04381 Books